000 00605nam a22001815i 4500
001 155311
003 ES-MaACL
005 20230906210029.0
008 981008s1860 sp |||| | spa d
040 _aCCPB | B
_bspa
_cCCPB | B
100 1 _aHernández Amores, Antonio.
_9127898
245 1 0 _aNociones elementales de crédito público /
_cpor Antonio Hernández Amores.
260 _aMadrid :
_bLibrerías de Moro y Bailly-Bailliere,
_c1860.
300 _a[8], 378 p. ;
_c22 cm.
650 4 _aCrédito público.
_9135842
752 _aEspaña -
_dMadrid
852 _aES-MaACL
_jG-8168
_z-- Enc. hol.
999 _c155311
_d155311